[Event "GCT Paris Blitz 2021"]
[Site "Paris"]
[Date "2021.06.21"]
[Round "8"]
[White "Nepomniachtchi, Ian"]
[Black "Firouzja, Alireza"]
[Result "0-1"]
[WhiteElo "2792"]
[BlackElo "2759"]
[Annotator "TA"]
[PlyCount "130"]
[EventDate "2021.06.21"]
[EventType "tourn"]
[EventCountry "FRA"]
[SourceTitle "playchess.com"]
[Source "ChessBase"]
[SourceQuality "1"]

{[%evp 14,130,49,35,173,130,125,140,140,139,125,111,120,102,123,123,133,89,81,
71,113,133,154,160,228,209,208,215,309,326,287,245,244,-366,-377,-370,-366,
-365,-370,-356,-370,-359,-360,-330,-332,-393,-260,-240,-229,-230,578,575,584,
577,552,537,515,496,699,686,711,627,626,618,591,568,622,634,665,655,614,348,
360,360,360,358,322,62,62,62,504,198,270,64,115,28,12,-572,-575,-723,-431,-769,
-13,-394,-304,-29976,-29977,-29982,-29983,-29983,-29984,-29986,-5385,-29990,
-29991,-29991,-29964,-29993,-29985,-29989,-29990,-29990,-29991,-29995,-29996,
-29996,-29997,-29997,-663]} 1. e4 c5 2. Nf3 Nc6 3. c3 Nf6 4. e5 Nd5 5. d4 cxd4
6. Bc4 Nb6 7. Bb3 g6 8. Ng5 {[%csl Gg5][%cal Rb3f7]} Nxe5 {B22: Sicilian: 2 c3.
} (8... d5 $14) 9. Qxd4 f6 {[#]} 10. Qxe5 {[%csl Gg5][%cal Rb3f7][%mdl 512]} d5
{[#] White is clearly better.} 11. Qe2 $146 ({Predecessor:} 11. Qg3 fxg5 12.
Qe5 Rg8 13. Bxg5 Bg7 14. Qe2 Kf7 15. Qf3+ Bf6 16. Bxf6 exf6 17. O-O {1-0 (31)
Vajda,S (2270)-Veneteanu,I (2225) Bucharest 1998}) 11... fxg5 12. Bxg5 Bg7 13.
O-O Qd6 14. Na3 Bd7 15. Rad1 e6 16. Nb5 $36 {[%mdl 2048] White has strong
initiative.} Bxb5 17. Qxb5+ Qd7 18. Qb4 {Strongly threatening Bxd5!} h6 (18...
Bf8 $16 19. Qg4 Bc5) 19. Bh4 $18 g5 20. Bg3 Qe7 (20... Bf8 $142 21. Qg4 Bc5)
21. Bd6 Qd7 22. Rfe1 {Hoping for Rxd5.} O-O-O 23. Rxe6 {[%mdl 8192]} Qxe6 $19
24. Qc5+ Kd7 25. Qc7+ Ke8 26. Qxg7 Rg8 27. Qxb7 {Threatens to win with Bc5.}
Rxd6 28. Qxa7 Kf8 29. a4 Nd7 30. Bxd5 {[#]} Kg7 $1 {[%mdl 512]} 31. c4 {[#]}
Qf6 $4 {[%mdl 8192]} (31... Re8 $1 $19 {[%mdl 512] and life is good for Black.}
32. h4 (32. f3 Qe2) 32... Qg4 {[%mdl 64] Double Attack}) 32. c5 $18 Re8 33.
cxd6 Qxd6 34. g3 Re7 35. Bf3 Qe6 (35... Ne5 $142 36. Qa8 Qc5) 36. Qd4+ Ne5 37.
Bg2 Rd7 38. Bd5 Qf6 {...Nf3+! is the strong threat.} 39. Qe4 Re7 40. Kg2 h5 41.
a5 h4 42. a6 h3+ 43. Kg1 ({Weaker is} 43. Kxh3 Qxf2 44. a7 (44. Re1 $2 g4+ 45.
Qxg4+ Nxg4 $17) 44... g4+ 45. Qxg4+ Nxg4 $17) 43... Qxa6 44. Qf5 {[%mdl 64]
Double Attack} Qh6 45. Bb3 $2 (45. b4 $18) 45... Qh5 $1 $14 {[%cal Rh5d1]} 46.
Kh1 Ng4 $2 {[%mdl 8192]} (46... Qe2 $14) 47. Rf1 $2 (47. Qc5 Re8 48. Qc7+ Kf8
49. Qd6+ Kg7 50. Qd7+ Kh8 51. Qf5) 47... Nf6 (47... Nh6 $142 48. Qd5 Qg6) 48.
Qd3 $2 (48. Bd1 $18 Qg6 49. Qxh3) 48... Qe8 (48... g4 $1 $14) 49. f3 ({White
should try} 49. Bc4 $16) 49... Re3 $1 $11 {[%cal Re3d3]} 50. Qf5 {[%mdl 8192]}
(50. Qc2 $11 {and White is okay.}) 50... Rxb3 $19 51. Qxg5+ Kf7 {( -> ...Qe2!)}
52. Qh4 {[#]} (52. Qh6 $142 Qe6 53. Ra1) 52... Qe6 $2 (52... Qc8 $1 $19 {
And now ...Rxf3! would win.} 53. Qd4 Qc2 54. Qa7+ Kg6) 53. Qd4 $2 {[%mdl 8192]}
(53. g4 $1 $11 {and White stays safe.}) 53... Qe2 {[%csl Gh3][%cal Re2g2]} 54.
Qf2 (54. Qa7+ $19 Kg6 55. Qf2 Qxb2 56. Qxb2 Rxb2 57. g4) 54... Qb5 55. Rb1 Qd5
56. Rf1 Ng4 57. Qe2 Ne5 (57... Re3 $142 58. Qc2 Rxf3 59. Rxf3+ Qxf3+ 60. Kg1
Qe3+ 61. Kf1 {[#]} Nxh2+ $1 {[%mdl 576] Deflection} 62. Qxh2 Qc1+ 63. Ke2 Qc2+
64. Kf3 Qxh2 65. g4 Qxb2 66. Kf4 h2 67. g5 Qd4+ 68. Kg3 h1=Q 69. g6+ Kg8 70. g7
Qdh4#) 58. Qe4 Qxe4 {Black mates.} 59. fxe4+ {[%mdl 4096] Endgame KRN-KR} Ke6
60. Rf2 Ng4 61. Re2 Rd3 62. Re1 Rd2 {[%mdl 64] Double Attack} 63. Rb1 Rxh2+ 64.
Kg1 Rg2+ {[%mdl 64] Double Attack} 65. Kf1 Ne3+ {Weighted Error Value: White=0.
41/Black=0.57} 0-1

[Event "GCT Paris Blitz 2021"]
[Site "Paris"]
[Date "2021.06.21"]
[Round "8"]
[White "Radjabov, Teimour"]
[Black "Aronian, Levon"]
[Result "0-1"]
[WhiteElo "2765"]
[BlackElo "2781"]
[Annotator "TA"]
[PlyCount "58"]
[EventDate "2021.06.21"]
[EventType "tourn"]
[EventCountry "FRA"]
[SourceTitle "playchess.com"]
[Source "ChessBase"]
[SourceQuality "1"]

{[%evp 15,58,-21,-9,-50,-45,-66,-74,-92,-92,-105,-47,-58,97,-35,-54,-41,-44,
-33,-41,-63,-60,-102,-60,-62,-54,-56,0,-1,-2,-230,-231,-193,-186,-273,-270,
-319,-170,-455,-440,-637,-635,-594,-572,-1642,-1550]} 1. d4 Nf6 2. c4 e6 3. Nf3
d5 4. Nc3 Bb4 5. g3 O-O 6. Bg2 dxc4 7. O-O Nc6 8. a3 Be7 9. e4 {E20:
Nimzo-Indian: 4 g3 and 4 f3.} a6 10. Bf4 b5 {[#]} 11. Qd2 $146 {Black is
better.} ({Predecessor:} 11. Qc2 Bb7 12. Rad1 Na5 13. Rfe1 Nb3 14. h4 Re8 15.
Ng5 g6 16. d5 exd5 17. e5 {1-0 (34) Buhmann,R (2597)-Parligras,M (2589)
Germany 2014}) 11... Na5 12. Rad1 c5 (12... Nb3 $17 13. Qc2 Bb7) 13. Qc2 Qb6 $2
(13... Bb7 $15 {keeps the upper hand.}) 14. d5 ({White should play} 14. dxc5
$16 Qxc5 15. e5) 14... Bb7 $15 15. d6 Bd8 16. e5 Nd7 17. Rfe1 Nb3 18. Be3 Rc8
19. Ne4 $1 h6 20. g4 f5 (20... Bc6 $15) 21. exf6 $1 $11 Nxf6 ({Worse is} 21...
Bxf6 22. g5 $18) 22. Ne5 $2 {[#] Now White is beyond hope.} (22. Nxf6+ $11 Bxf6
23. g5 Bxf3 24. Bxf3) 22... Bxe4 $1 $19 23. Bxe4 Nd4 $36 {[%mdl 2048] Black is
in control.} 24. Qb1 (24. d7 $142 Rb8 25. Bxd4 cxd4 26. Ng6) 24... Qxd6 25. Bg2
Bc7 ({Don't do} 25... Qxe5 26. Bxd4 Qg5 27. Bc3 $19) (25... Ba5 $142 26. Bd2
Bxd2 27. Rxd2 Nd5) 26. f4 $2 (26. Bxh6 {is the only way for White.} Qe7 27. Ng6
) 26... Nd5 {Black is clearly winning.} 27. Qg6 (27. Qe4 $142) 27... Nxf4 28.
Bxf4 Rxf4 29. g5 {[#]} Ne2+ $1 {[%mdl 512] Weighted Error Value: White=0.84/
Black=0.25} 0-1

[Event "GCT Paris Blitz 2021"]
[Site "Paris"]
[Date "2021.06.21"]
[Round "8"]
[White "Rapport, Richard"]
[Black "So, Wesley"]
[Result "1/2-1/2"]
[WhiteElo "2763"]
[BlackElo "2770"]
[Annotator "TA"]
[PlyCount "70"]
[EventDate "2021.06.21"]
[EventType "tourn"]
[EventCountry "FRA"]
[SourceTitle "playchess.com"]
[Source "ChessBase"]
[SourceQuality "1"]

{[%evp 9,70,-4,-16,-12,-20,-12,0,0,-2,-8,-4,0,-3,-20,0,0,0,0,0,0,15,9,26,15,4,
-8,-15,-8,-8,-22,14,0,0,0,0,-12,-12,-12,-12,-12,0,-18,-3,-6,0,0,0,0,0,-7,-12,
-44,0,-10,0,-16,0,0,0,-19,0,0,0]} 1. Nf3 d5 2. g3 g6 3. c4 dxc4 4. Na3 Bg7 5.
Nxc4 Nc6 6. d3 {A09: Réti Opening: 1 Nf3 d5 2 c4.} e5 7. Bd2 Nge7 8. h4 h6 9.
Bc3 {[%cal Rc4e5]} f6 10. Qb3 a5 11. a4 Be6 12. Bh3 Bxh3 13. Rxh3 {[#]} b6 $146
({Predecessor:} 13... Qc8 14. Rh1 h5 15. d4 exd4 16. Nxd4 Nxd4 17. Bxd4 Nc6 18.
Bc3 Qe6 19. O-O-O b6 {1-0 (67) Banusz,T (2631)-Parkhov,Y (2424) Tornelo INT
2021}) 14. O-O-O Qd5 15. e4 Qe6 16. Rhh1 h5 17. Nxa5 Qxb3 18. Nxb3 Rxa4 19. Kc2
Kf7 (19... Nb4+ {feels hotter.} 20. Bxb4 Rxb4 21. Ra1 f5 22. Ra8+ Kd7) 20. Ra1
Rha8 21. Rxa4 Rxa4 22. Rd1 Nc8 23. d4 {With the idea dxe5.} Nd6 24. dxe5 fxe5
25. Nbd2 Bf6 ({Not} 25... Nxe4 $2 26. Nxe4 Ke7 27. b4 $18) 26. b3 Ra2+ 27. Kb1
Ra8 28. Rc1 Nb5 29. Nc4 Ke6 30. Ne3 (30. Bb2 $5 {[%cal Rc4b6]} Ncd4 31. Nxd4+
exd4 32. Kc2 $11) 30... Ne7 31. Bb2 {The position is equal.} Rd8 32. Rc4 Ra8
33. Rc1 Rd8 34. Rc4 Ra8 35. Rc1 Rd8 {A rather calm draw.  Weighted Error Value:
White=0.04/Black=0.07} 1/2-1/2

[Event "GCT Paris Blitz 2021"]
[Site "Paris"]
[Date "2021.06.21"]
[Round "8"]
[White "Vachier-Lagrave, Maxime"]
[Black "Svidler, Peter"]
[Result "0-1"]
[WhiteElo "2760"]
[BlackElo "2714"]
[Annotator "TA"]
[PlyCount "122"]
[EventDate "2021.06.21"]
[EventType "tourn"]
[EventCountry "FRA"]
[SourceTitle "playchess.com"]
[Source "ChessBase"]
[SourceQuality "1"]

{[%evp 9,122,3,-3,7,24,-37,-21,-23,-10,-22,-18,-30,-18,-21,-24,-16,0,-16,-16,
-14,-19,-20,-21,-26,0,-30,0,0,0,0,6,7,10,7,36,0,0,0,0,0,0,0,-4,-16,0,0,72,0,0,
0,0,0,0,0,0,0,0,0,0,0,0,0,0,0,0,0,0,0,0,0,0,0,0,0,0,0,0,-105,-80,-722,-713,
-720,-703,-672,-626,-490,-402,-29946,-29940,-29948,-29950,-29949,-29952,-29953,
-29953,-29954,-29953,-29951,-29949,-29957,-29962,-29962,-29963,-29961,-29963,
-29964,-29964,-29958,-29964,-29954,-29950,-9992,-5795,-29991,-29992]} 1. c4 g6
2. e4 e5 3. d4 Nf6 4. dxe5 Nxe4 5. Bd3 Nc5 6. Nf3 {A10: English Opening:
Unusual Replies for Black.} d6 7. Bc2 ({White should try} 7. Be2 $11) 7... Nc6
$15 8. exd6 {The position is equal.} Qxd6 9. Qe2+ Qe7 10. Be3 $1 {[#]} Bg4 $146
({Predecessor:} 10... Nb4 11. Na3 Bg4 12. Rd1 Nxc2+ 13. Nxc2 Bxf3 14. Qxf3 Bg7
15. Qd5 Ne6 16. Qxb7 O-O {1-0 (44) Murey,J (2500)-Jansa,V (2475) Thessaloniki
1984}) 11. Nc3 {And now Nd5 would win.} Bxf3 12. Qxf3 {Nd5 is the strong
threat.} Nd4 13. Qd1 O-O-O {aiming for ...Bh6.} 14. Nd5 Nxc2+ 15. Qxc2 Qe4 {
[%cal Re4c2]} 16. O-O-O c6 (16... Qxg2 {feels hotter.} 17. Bd4 Rg8 18. Rhe1 Bd6
19. b4 Ne6) 17. Nc3 (17. Nb4 {seems wilder.} Qxc2+ 18. Kxc2 Be7 19. b3 Rxd1 20.
Rxd1 Re8 21. Nd3) 17... Qxc2+ (17... Qxc4 {keeps more tension.} 18. Rxd8+ Kxd8
19. Rd1+ Kc8 20. b3 Qe6) 18. Kxc2 Rxd1 19. Rxd1 a6 20. b4 Ne6 21. a3 b5 22. c5
Be7 23. a4 Rd8 24. Ra1 Kb7 25. axb5 axb5 26. Ne4 Ra8 27. Rd1 {Black must now
prevent Rd7+.} Rd8 (27... Kc7 $11 {remains equal.}) 28. Nd6+ (28. Rxd8 $16 Nxd8
29. Bg5 Bxg5 30. Nxg5) 28... Bxd6 $11 29. cxd6 {[%mdl 4096] Endgame KRB-KRN} ({
Much worse is} 29. Rxd6 Rxd6 30. cxd6 Kc8 $17) 29... Ra8 30. Kb3 Kc8 31. Bc5
Kd7 32. Re1 Ra6 33. g3 h5 34. h4 f5 35. f3 Ra8 36. Rg1 Ra4 37. Rc1 Ra8 38. Re1
Ra6 39. Kb2 Ra8 40. Rg1 Ra4 41. Rc1 Nxc5 42. bxc5 {KR-KR} f4 43. gxf4 (43. g4
$1 $11 {was the only way to keep the balance.}) 43... Rxf4 $17 44. Kb3 $2 {
[%mdl 8192] This move loses the game for White.} (44. Rg1 $17) 44... Rxh4 $19
45. Rg1 Rc4 46. Rg5 h4 47. f4 h3 {( -> ...h2)} 48. Rxg6 {[#]} (48. Re5 $19)
48... Rxc5 49. Rh6 Rf5 50. Rxh3 Rxf4 51. Rd3 Rf6 52. Kb4 Rxd6 53. Rh3 Rd4+ 54.
Kc5 Rc4+ 55. Kb6 b4 56. Rd3+ Ke6 57. Ka5 c5 58. Ka4 Ke5 59. Kb3 Rd4 60. Rh3 Re4
61. Rd3 c4+ {[%mdl 64] Double Attack.  Weighted Error Value: White=0.37/
Black=0.06} 0-1

[Event "GCT Paris Blitz 2021"]
[Site "Paris"]
[Date "2021.06.21"]
[Round "9"]
[White "Kramnik, Vladimir"]
[Black "Radjabov, Teimour"]
[Result "0-1"]
[WhiteElo "2797"]
[BlackElo "2765"]
[Annotator "TA"]
[PlyCount "56"]
[EventDate "2021.06.21"]
[EventType "tourn"]
[EventCountry "FRA"]
[SourceTitle "playchess.com"]
[Source "ChessBase"]
[SourceQuality "1"]

{[%evp 16,56,42,33,56,26,97,102,107,102,129,106,134,43,217,209,231,210,188,182,
425,375,532,516,514,473,487,106,123,97,103,-178,-8,-109,93,-91,-88,-88,0,-186,
-166,-329,-302]} 1. e4 e6 2. d4 d5 3. e5 c5 4. c3 Nc6 5. Nf3 Qb6 6. Be2 Bd7 7.
O-O Nh6 {is the new trend.} 8. Bxh6 gxh6 9. Qd2 a6 $5 {[%mdl 4] An interesting
side line. C02: French: Advance Variation.} 10. Na3 Rg8 (10... cxd4 $11 {
keeps the balance.} 11. cxd4 Bg7) 11. Nc2 $16 {[#]} h5 $146 {White is better.}
({Predecessor:} 11... cxd4 12. cxd4 O-O-O 13. b4 Ne7 14. a4 Kb8 15. Rfb1 Rc8
16. Ne3 Ng6 17. a5 Qd8 {1-0 (27) Shirov,A (2647)-Bychkov,V (2303) Chess.com
INT 2020}) 12. Rab1 a5 13. Rfd1 Be7 14. c4 (14. dxc5 $16 Bxc5 15. Ncd4) 14...
dxc4 $2 (14... O-O-O $14) 15. dxc5 $18 {[%mdl 64] Discovered Attack} ({Weaker
is} 15. Bxc4 O-O-O $14) 15... Qc7 16. Na3 ({Less strong is} 16. Bxc4 Bxc5 17.
Qe2 O-O-O $14) 16... Bxc5 17. Nxc4 Rd8 $2 (17... O-O-O 18. Nd6+ Bxd6) 18. Rbc1
Rg7 (18... Bc8 $142) 19. Qh6 Kf8 20. Ng5 Kg8 21. Bd3 $2 (21. Nd6 $18 {and
White stays clearly on top.} b6 22. Nde4) 21... Nxe5 $16 22. Bxh7+ Kf8 23. Ne4
{[%mdl 8192] [#]} (23. Ne3 $16 {keeps the pressure on.} Bc6 24. Be4 (24. Rxc5
Rxd1+ 25. Nxd1 Qd8 $11) 24... Rxd1+ 25. Rxd1) 23... Nxc4 $2 (23... Nf3+ $1 $19
24. Kf1 Nxh2+ 25. Ke2 Ng4 26. Qxh5 Be7 27. Nxa5 Qe5 28. Qxe5 Nxe5) 24. b3 {[#]}
(24. Bg6 $1 $11 {remains equal.}) 24... Bc6 $2 25. bxc4 $2 (25. Nxc5 $16 {
is forced if you want to stay better.} Rxd1+ 26. Rxd1) 25... Ba3 26. Rb1 Be7 (
26... Rxd1+ $17 27. Rxd1 Qe5) 27. Rxd8+ $2 (27. Ng3 $1 $11 Bg5 28. Qxh5) 27...
Qxd8 $19 28. Re1 $2 (28. Ng3 Bg5 29. Qxh5) 28... Qd4 {Quite a comeback for
Black.  Weighted Error Value: White=1.02/Black=0.75} 0-1

[Event "GCT Paris Blitz 2021"]
[Site "Paris"]
[Date "2021.06.21"]
[Round "9"]
[White "Aronian, Levon"]
[Black "Vachier-Lagrave, Maxime"]
[Result "0-1"]
[WhiteElo "2781"]
[BlackElo "2760"]
[Annotator "TA"]
[PlyCount "86"]
[EventDate "2021.06.21"]
[EventType "tourn"]
[EventCountry "FRA"]
[SourceTitle "playchess.com"]
[Source "ChessBase"]
[SourceQuality "1"]

{[%evp 16,86,27,16,87,86,83,91,80,70,86,85,84,82,87,54,64,49,42,40,37,37,49,15,
27,11,22,0,0,0,0,0,18,15,28,49,49,0,0,-37,-7,-178,-173,-217,-212,-194,-204,
-202,-201,-200,-121,-109,-122,-119,-109,-113,-114,-134,-125,-117,-127,-143,
-131,-322,-341,-306,-305,-314,-314,-558,-498,-29981,-29982]} 1. d4 Nf6 2. Nf3
g6 3. c4 Bg7 4. g3 O-O 5. Bg2 c5 6. d5 e6 7. Nc3 exd5 8. cxd5 d6 9. O-O Bf5 {
[#] A62: Modern Benoni: Fianchetto Variation without early ...Nbd7.} (9... Re8
$11 {keeps the balance.}) 10. Nd2 $1 $16 Na6 $5 {[%mdl 4] An interesting side
line.} 11. e4 Bg4 {White is better.} 12. f3 Bd7 13. Nc4 Ne8 {[#]} 14. a4 $1 Nb4
{[#]} 15. Re1 $146 ({Predecessor:} 15. Bf4 Qe7 16. Qd2 a6 17. Kh1 Rb8 18. Nb6
Qd8 19. a5 Bb5 20. Nxb5 axb5 21. Bh3 {0-1 (41) Borsuk,K (2413)-Dubov,D (2702)
Chess.com INT 2020}) 15... a6 16. a5 Bb5 17. Bf1 Bxc4 18. Bxc4 Nf6 19. Kg2 Nd7
20. f4 Re8 21. Ra3 b5 22. axb6 $1 Nxb6 23. Bf1 Qd7 24. Be3 Qb7 25. Bf2 Re7 26.
Be2 Rae8 27. Bf3 Nc4 28. Rb3 {[#]} (28. e5 $1 $11 {and White has nothing to
worry.}) 28... Nxb2 $1 $19 {[%mdl 512]} 29. Qd2 (29. Qe2 N2d3) 29... N2d3 30.
Reb1 Nxf2 31. Qxf2 a5 32. e5 {next Ne4 is good for White.} dxe5 {Strongly
threatening ...c4.} 33. d6 {[#]} e4 $1 34. dxe7 exf3+ 35. Qxf3 Qxe7 36. R3b2
Qd7 37. Rd1 Bd4 38. Re2 a4 39. Rxe8+ $2 (39. f5 $17 {keeps fighting.}) 39...
Qxe8 40. Ne4 Qc6 41. Nd2 {intending Qxc6.} Qe6 42. Kf1 $2 (42. Kh1) 42... a3 {
Threatens to win with ...Nc2.} 43. Qxa3 (43. Nb3 $19 a2 44. Nxd4 cxd4 45. Kf2)
43... Qh3+ {[%mdl 64] Double Attack.  Weighted Error Value: White=0.52/Black=0.
10} 0-1

[Event "GCT Paris Blitz 2021"]
[Site "Paris"]
[Date "2021.06.21"]
[Round "9"]
[White "So, Wesley"]
[Black "Nepomniachtchi, Ian"]
[Result "1/2-1/2"]
[WhiteElo "2770"]
[BlackElo "2792"]
[Annotator "TA"]
[PlyCount "75"]
[EventDate "2021.06.21"]
[EventType "tourn"]
[EventCountry "FRA"]
[SourceTitle "playchess.com"]
[Source "ChessBase"]
[SourceQuality "1"]

{[%evp 12,75,10,13,6,13,14,0,8,0,7,12,15,0,0,0,12,12,5,25,12,12,14,24,8,4,21,
15,12,6,6,5,4,5,15,15,15,15,15,15,15,15,15,15,16,16,16,12,14,2,2,0,0,0,0,0,6,0,
0,0,0,0,0,0,0,0]} 1. d4 e6 2. c4 Nf6 3. Nf3 d5 4. Nc3 Bb4 5. Qa4+ Nc6 6. e3 O-O
7. Bd2 dxc4 {D38: Queen's Gambit Declined: Ragozin Defence (4 Nf3 Bb4).} 8.
Bxc4 Bd6 9. Qc2 {9.Qc2 is better than 9.Nb5.} e5 10. dxe5 Nxe5 11. Nxe5 Bxe5
12. f4 Bxc3 13. Bxc3 Ng4 14. Bd4 c5 15. Bxc5 {[#] And now Rd1 would win.} Re8
$1 16. O-O {With the idea Rfd1.} Nxe3 17. Bxe3 Rxe3 18. Rfe1 {The position is
equal.} Rxe1+ (18... Qd4 {looks sharper.} 19. Qf2 Rxe1+ 20. Rxe1 Qxf2+ 21. Kxf2
Kf8) 19. Rxe1 Qd4+ 20. Qf2 Qxf2+ 21. Kxf2 $11 {[%cal Re1e8][%mdl 4096] Endgame
KRB-KRB} Kf8 {[#]} 22. Bd5 $146 ({Predecessor:} 22. Rc1 Bf5 23. Bb3 Rc8 24.
Rxc8+ Bxc8 25. Ke3 Ke7 26. Kd4 b6 27. Bd5 f6 28. g3 Kd6 29. a3 h6 30. b4 Bd7 {
1/2-1/2 (30) Abasov,N (2632)-Anand,V (2765) Douglas 2019}) 22... Bd7 23. Re3
Rc8 24. Bxb7 Rb8 25. Rb3 Ba4 {[#]} 26. Ra3 Rxb7 27. Rxa4 Rxb2+ {KR-KR} 28. Kf3
Rb7 29. g4 g6 30. h4 Kg7 31. Ra6 h5 32. gxh5 gxh5 33. Ra5 Kg6 34. a4 Rb3+ 35.
Ke4 Rb4+ 36. Kf3 Rb3+ 37. Ke4 Rb4+ 38. Kf3 {A rather calm draw.  Weighted
Error Value: White=0.03/Black=0.02} 1/2-1/2

[Event "GCT Paris Blitz 2021"]
[Site "Paris"]
[Date "2021.06.21"]
[Round "9"]
[White "Firouzja, Alireza"]
[Black "Caruana, Fabiano"]
[Result "0-1"]
[WhiteElo "2759"]
[BlackElo "2820"]
[Annotator "TA"]
[PlyCount "80"]
[EventDate "2021.06.21"]
[EventType "tourn"]
[EventCountry "FRA"]
[SourceTitle "playchess.com"]
[Source "ChessBase"]
[SourceQuality "1"]

{[%evp 14,80,25,7,20,6,16,13,6,2,16,11,13,-10,-7,-31,-23,-54,-33,-67,-72,-74,
-24,-18,-18,-47,-43,-44,-20,-12,-6,-10,-8,-39,-41,-281,-282,-285,-296,-322,
-321,-376,-372,-519,-368,-528,-509,-515,-516,-501,-368,-563,-546,-548,-545,
-576,-577,-550,-478,-677,-693,-825,-808,-800,-768,-795,-742,-748,-733]} 1. e4
e5 2. Nf3 Nc6 3. Bc4 Nf6 4. d3 h6 5. c3 Bc5 6. Nbd2 d6 7. O-O O-O 8. h3 Bb6 {
C54: Giuoco Piano: 4 c3 Nf6, main lines with 5 d4 and 5 d3.} 9. Bb3 Ne7 10. Re1
Ng6 {The position is equal.} 11. Nf1 Re8 12. Ng3 Be6 13. Bc2 d5 14. exd5 Bxd5
15. Ne4 {[#]} Qe7 $146 ({Predecessor:} 15... Nxe4 16. dxe4 Bc6 17. Be3 Bxe3 18.
Rxe3 Qe7 19. g3 {1/2-1/2 (19) Torralba Brosa,M (1852)-Sumit,K (1975) Montcada
2017}) 16. Nh2 Rad8 {White must now prevent ...Bxe4.} 17. Qf3 Nxe4 18. dxe4 Be6
19. Ng4 Qh4 20. Ne3 Nf4 21. Nf5 Qh5 $36 {[%mdl 2048] Black fights for an
advantage.} 22. Qxh5 Nxh5 {[%cal Bf4h5,Bh5f4,Bf4h3,Bh3f2][%mdl 32]} 23. Bb3 Nf4
24. g3 $2 {Now White is beyond hope.} ({White should try} 24. Be3 $15) 24...
Nxh3+ $19 {[%mdl 64] Double Attack} 25. Kg2 Nxf2 ({Stronger than} 25... Bxf2
26. Re2 $16) 26. Re2 Ng4 27. Kf3 h5 28. Bg5 f6 29. Bd2 (29. Bxe6+ $142 Rxe6 30.
Rd2) 29... Bxb3 30. axb3 Rd3+ 31. Kg2 Kf7 32. Rh1 (32. Nh4 {was worth a try.})
32... g6 {Black is clearly winning.} 33. Nh4 {[#]} Nf2 $1 34. Rf1 {[#]} (34.
Ra1 Nxe4) 34... Nxe4 {[%mdl 512]} 35. Be1 Re3 36. Rc2 (36. Rxe3 $142 Bxe3 37.
Kf3 Nd2+ 38. Bxd2 Bxd2 39. Ke2) 36... Rd8 37. Nf3 Ke6 38. c4 Rxb3 39. Nh4 Bd4
40. Re2 Rxb2 {Weighted Error Value: White=0.43/Black=0.18} 0-1

[Event "GCT Paris Blitz 2021"]
[Site "Paris"]
[Date "2021.06.21"]
[Round "9"]
[White "Svidler, Peter"]
[Black "Rapport, Richard"]
[Result "1-0"]
[WhiteElo "2714"]
[BlackElo "2763"]
[Annotator "TA"]
[PlyCount "111"]
[EventDate "2021.06.21"]
[EventType "tourn"]
[EventCountry "FRA"]
[SourceTitle "playchess.com"]
[Source "ChessBase"]
[SourceQuality "1"]

{[%evp 19,111,-6,0,-18,0,-9,-7,-29,0,-26,-14,0,0,-2,0,-29,0,-10,0,0,0,-16,-11,
-20,0,-6,0,0,0,0,0,-4,0,-4,-12,-6,-2,-21,0,-32,-43,-65,-7,-16,-13,-17,0,-118,0,
0,5,13,277,272,282,266,273,276,307,279,248,175,466,466,557,554,554,553,553,553,
520,496,652,569,644,633,617,610,603,602,573,562,535,517,676,469,672,656,618,
582,727,694,669,654]} 1. e4 c5 2. Nf3 e6 3. d4 cxd4 4. Nxd4 Nf6 5. Nc3 Nc6 6.
a3 d6 7. Be3 Be7 8. Bc4 O-O 9. Qe2 $5 {[%mdl 4] Exploring less charted
territory.} a6 10. O-O-O Qc7 11. Bb3 {B89: Sicilian: Velimirovic Attack.} Na5
12. Kb1 b5 13. g4 {[#] The position is equal.} Nxb3 $146 ({Predecessor:} 13...
Bb7 14. f3 Rfc8 15. g5 Nd7 16. h4 Nc4 17. Bc1 Ndb6 18. g6 hxg6 19. h5 g5 {
0-1 (38) Oswald,G-Formanek,E (2375) Manchester 1981}) 14. cxb3 b4 15. axb4 Qb7
16. f3 Bd7 17. g5 Ne8 18. h4 Nc7 19. h5 Qxb4 20. g6 Bf6 21. gxh7+ Kh8 $1 22.
Qd2 Rab8 23. h6 {hxg7+ is the strong threat.} g6 24. Bg5 Be5 25. f4 Bxd4 26.
Qxd4+ Qxd4 27. Rxd4 d5 28. Be7 Rfc8 29. f5 ({But not} 29. exd5 exd5 30. Ka2 (
30. Nxd5 $2 Nxd5 31. Rxd5 Bc6 $19 {[%mdl 64] Skewer}) 30... Ne8 $17) 29... exf5
30. exd5 Nb5 ({Better is} 30... Rxb3 $15 31. Rc4 Kxh7) 31. Nxb5 axb5 32. d6
Kxh7 33. Re1 (33. Bg5 $11 {remains equal.}) 33... Re8 (33... Kxh6 $17 {Hoping
for ...g5.} 34. Rh4+ Kg7) 34. Rc1 $11 Rbc8 35. Rc7 $1 {[%cal Rc7d7]} Be6 {
[%mdl 8192] [#] This move loses the game for Black.} (35... Rcd8 $1 $11 {
and Black is okay.}) 36. d7 $1 $18 {[%mdl 512]} Bxd7 37. Rcxd7 ({Less strong is
} 37. Rdxd7 Rxc7 38. Rxc7 Kxh6 $16) 37... Kxh6 38. Bb4 g5 39. Rxf7 Kg6 40. Rdd7
f4 $2 (40... Rg8 {was called for.} 41. Rfe7 f4) 41. Rg7+ {White is clearly
winning.} Kh6 42. Rh7+ Kg6 {[#]} 43. Rdg7+ $1 Kf5 44. Rh5 Ke4 45. Rgxg5 f3 {
and the idea ...f2 leaves Black hopeful.} 46. Rf5 Red8 47. Re5+ Kf4 48. Rhf5+
Kg4 49. Rg5+ Kf4 {intending ...Rd1+.} 50. Bc5 {[%csl Ge5][%cal Rc5e3]} Rd1+ 51.
Kc2 Rd7 52. Ref5+ Ke4 53. b4 Rdd8 54. Rf7 Re8 55. Rg4+ Kd5 56. Rxf3 {Weighted
Error Value: White=0.16/Black=0.35} 1-0